LEADER 01127nam a2200265 i 4500 001 000000187080 003 CaOOAMICUS 005 20100310000000.0 008 100310s2010 it u000 u ita u 013 $a165141 020 $a978-88-8025-735-6 040 $aSeMil$bita 100 1 $aChiari, Vittorio.$0(OLS)http://semarc/name/47167 245 10$aMenù di quaresima :$ba tavola con il Vangelo /$cVittorio Chiari, ragazzi ed educatori di Arese ; foto di Enrico Mascheroni. 260 $aMilano :$bITL,$ccopyr. 2010. 300 $a111 p. :$bill. ;$c21 cm. 500 $aContiene : Piccola bibliografia. 650 4$aQuaresima - Sussidi.$0(OLS)http://semarc/subject/26223 700 1 $aMascheroni, Enrico .$0(OLS)http://semarc/name/68304 850 $aSeMil 852 $aSeMil$W1$xVenegono$y1$m3F III 442$j137767$B137767$CSeMilBibl$Z2$F150287 $81 961 $aOmaggio: Altro 996 $6020$a978-88-8025-735-6$9(OLS)http://semarc/number/177455 996 $6245$aMenù di quaresima :$ba tavola con il Vangelo$9(OLS)http://semarc/title/269109 996 $6260$aMilano :$bITL$9(OLS)http://semarc/publisher/30648 LEADER 01401nam a2200217 i 4500 001 000000235816 003 CaOOAMICUS 005 20141114000000.0 008 141114s1735 xx u000 u lat u 013 $a214720 026 $au*am 4.4. n-m, Orra (3) 1735 (R) - [*= ae] 040 $aSeMil$bita 245 10$a11. Pars altera complectens constitutiones Clementis 11. ab anno 13. usque ad 21. Innocentii 13., & Benedicti 13. anno 1. editas. 300 $a[12], 444 p., [1] carta di tav. :$britr. calcogr. 500 $aSegn. : a4 b2 A-3I4 3K2. - Vignetta calcogr. sul front. incisa da J. Buys. 700 1 $aBuys, Jacobus .$0(OLS)http://semarc/name/80581 773 0 $aChiesa Cattolica$tBullarium Romanum seu novissima et accuratissima collectio apostolicarum constitutionum ex autographis, quae in secretiori Vaticano, aliisque sedis apostolicae scriniis asservantur. Cum rubricis, summariis, scholiis, & indice quadruplici. Tomus 7. [-14.].$dRomae : Typis & expensis Hieronymi Mainardi in Platea Montis Citatorii, 1733-1744.$gTomus11$w()30966 850 $aSeMil 852 $aSeMil$W1$xVenegono$y1$m2K VIII 25 FA$j186162$B186162$CSeMilBibl$Z2$F197019 $8I 961 $aOmaggio: Biblioteca Seminario Duomo 996 $6245$a11. Pars altera complectens constitutiones Clementis 11. ab anno 13. usque ad 21. Innocentii 13., & Benedicti 13. anno 1. editas$9(OLS)http://semarc/title/336077